000
00290pab a2200121 454500
008
180718b xxu||||| |||| 00| 0 eng d
100
_a
Chattopadhyay, P.
245
_a
Currency management: some issues
650
_a
Currency
650
_a
Money
773
_a
Financial Express
909
_a
22715
999
_c
22715
_d
22715